[Event "Ibiza-ch"]
[Site "Eivissa"]
[Date "2016.11.13"]
[Round "3"]
[White "Prohens Costa, Armando"]
[Black "Angola Canchimbo, Elmer"]
[Result "1-0"]
[WhiteElo "1666"]
[BlackElo "1574"]
[PlyCount "111"]
[EventDate "2016.11.06"]
[EventType "swiss"]
[EventRounds "7"]
[EventCountry "ESP"]
[SourceTitle "EXT 2018"]
[Source "ChessBase"]
[SourceDate "2017.10.13"]
[SourceVersion "1"]
[SourceVersionDate "2017.10.13"]
[SourceQuality "1"]

1. d4 d5 2. c4 e6 3. Nc3 Bb4 4. a3 Bxc3+ 5. bxc3 Bd7 6. cxd5 exd5 7. Qb3 Bc6 8. Nf3 Ne7 9. Bg5 Nd7 10. e3 a6 11. c4 f6 12. Bf4 Nb6 13. c5 Ba4 14. Qc3 Nd7 15. Bd3 c6 16. Nd2 Bb5 17. Bc2 a5 18. a4 Ba6 19. Bd3 Bxd3 20. Qxd3 0-0 21. Rb1 Qc8 22. Bd6 Rf7 23. 0-0 Nf8 24. e4 Nfg6 25. Rfe1 Qd7 26. Re2 h5 27. Rbe1 Qg4 28. h3 Qd7 29. exd5 cxd5 30. Nb1 Nf5 31. Bh2 Nge7 32. Nc3 Nc6 33. Nb5 Nb4 34. Qf3 g6 35. Kf1 Rc8 36. Bd6 b6 37. Qb3 Kg7 38. Rc1 bxc5 39. Bxc5 Nc6 40. Rce1 Rb8 41. Qc3 Nb4 42. Qd2 Rc8 43. Re6 Rc6 44. Qe2 Rxe6 45. Qxe6 Nd3 46. Qxd7 Rxd7 47. Re2 Nxc5 48. dxc5 d4 49. c6 Rd5 50. c7 Rc5 51. Re8 Nd6 52. Nxd6 Rxc7 53. Nb5 Rc5 54. Rd8 Rc1+ 55. Ke2 d3+ 56. Rxd3 1-0

[Event "Ibiza-chT 38th"]
[Site "Ibiza"]
[Date "2016.03.14"]
[Round "2.4"]
[White "Prohens Costa, Armando"]
[Black "Bordes Guasch, Juan Roman"]
[Result "0-1"]
[WhiteElo "1654"]
[BlackElo "1791"]
[PlyCount "80"]
[EventDate "2016.03.13"]
[EventType "team-tourn"]
[EventRounds "5"]
[EventCountry "ESP"]
[SourceTitle "EXT 2024"]
[Source "ChessBase"]
[SourceDate "2023.10.10"]
[SourceVersion "1"]
[SourceVersionDate "2023.10.10"]
[SourceQuality "1"]
[WhiteTeam "Casino de Ibiza"]
[BlackTeam "Puig den Valls"]
[WhiteTeamCountry "ESP"]
[BlackTeamCountry "ESP"]

1. d4 d5 2. c4 e6 3. Nc3 Nf6 4. cxd5 exd5 5. Bg5 Be7 6. e3 0-0 7. Qc2 Nbd7 8. Bd3 h6 9. Bh4 c6 10. Nf3 Re8 11. 0-0 Nf8 12. h3 Ne6 13. Bxf6 Bxf6 14. b4 a6 15. a4 Bd7 16. b5 cxb5 17. axb5 axb5 18. Nxd5 Rc8 19. Nxf6+ Qxf6 20. Qb2 Ng5 21. Nxg5 Qxg5 22. Kh2 Bc6 23. Rg1 Ra8 24. Rab1 Ra5 25. Qe2 Rea8 26. Qg4 Qe7 27. e4 Qd6+ 28. Qg3 Qxd4 29. Rgd1 Qf6 30. f3 Qe7 31. Bf1 b4 32. Bc4 Rg5 33. Qf4 Rc8 34. Rd4 Be8 35. Qd2 b5 36. Bb3 Rc3 37. Bd5 Qc7+ 38. f4 Rc2 39. e5 Rxd2 40. Rxd2 Qc3 0-1

[Event "Ibiza Eivissa op 4th"]
[Site "Eivissa"]
[Date "2015.02.15"]
[Round "6"]
[White "Prohens Costa, Armando"]
[Black "Bordes Guasch, Juan Roman"]
[Result "1/2-1/2"]
[WhiteElo "1625"]
[BlackElo "1774"]
[PlyCount "97"]
[EventDate "2015.01.31"]
[EventType "swiss"]
[EventRounds "7"]
[EventCountry "ESP"]
[SourceTitle "EXT 2016"]
[Source "ChessBase"]
[SourceDate "2015.10.08"]
[SourceVersion "1"]
[SourceVersionDate "2015.10.08"]
[SourceQuality "1"]

1. d4 Nf6 2. c4 e6 3. Nc3 Bb4 4. Qc2 c5 5. e3 0-0 6. a3 cxd4 7. exd4 Bxc3+ 8. Qxc3 Ne4 9. Qc2 d5 10. Bd3 f5 11. Nf3 Nc6 12. 0-0 h6 13. Bf4 g5 14. Be5 g4 15. Ne1 Nxe5 16. dxe5 Qg5 17. Bxe4 fxe4 18. Qc1 Qxe5 19. Qxh6 Qxb2 20. Nc2 Qg7 21. Qxg7+ Kxg7 22. cxd5 exd5 23. Ne3 Be6 24. Nc2 Rf6 25. Nd4 Rh8 26. Rac1 Rhf8 27. Rc7+ R8f7 28. Rc5 Rd7 29. Rfc1 Bg8 30. Rc8 Rf8 31. R8c5 Kf6 32. Rd1 Ke5 33. Nc2 Kd6 34. Rc3 Rc7 35. Rxc7 Kxc7 36. Ne3 Rd8 37. Nxg4 d4 38. Nf6 d3 39. Nxe4 Bb3 40. Rd2 Bc2 41. h4 Rd4 42. f3 Kd8 43. h5 Ke7 44. g4 Kf8 45. g5 Kf7 46. Kf2 Ra4 47. Ke3 Rxa3 48. Nc5 Ra5 49. Nxd3 1/2-1/2

[Event "Ibiza Summer op 3rd"]
[Site "Ibiza"]
[Date "2014.06.29"]
[Round "4"]
[White "Gonzalez Ortega, Pino"]
[Black "Prohens Costa, Armando"]
[Result "0-1"]
[WhiteElo "1446"]
[BlackElo "1614"]
[PlyCount "56"]
[EventDate "2014.06.27"]
[EventType "swiss"]
[EventRounds "7"]
[EventCountry "ESP"]
[SourceTitle "CBM 161 Extra"]
[Source "ChessBase"]
[SourceDate "2014.08.29"]
[SourceVersion "1"]
[SourceVersionDate "2014.08.29"]
[SourceQuality "1"]

1. d4 Nf6 2. c4 g6 3. Nc3 Bg7 4. Nf3 0-0 5. e4 d6 6. Be2 e5 7. dxe5 dxe5 8. Qc2 Nc6 9. 0-0 Bg4 10. Rd1 Qc8 11. Bg5 Bxf3 12. Bxf3 Nd4 13. Qd3 c6 14. Rd2 Qc7 15. Rad1 Rad8 16. Qe3 Rd7 17. Ne2 c5 18. Nc3 Qa5 19. b3 a6 20. Nd5 Nxd5 21. exd5 f6 22. Bh6 Nf5 23. Qd3 Bxh6 24. Rb2 Nd4 25. Be2 f5 26. Bf1 e4 27. Qh3 Bg7 28. Qe3 Qd8 0-1